14 aprendizajes vitales
Guardat en:
| Autor principal: | |
|---|---|
| Format: | Llibre |
| Idioma: | espanyol |
| Publicat: |
Bilbao
Desclée de Brouwer
1998
|
| Edició: | 4a. ed |
| Matèries: | |
| Etiquetes: |
Afegir etiqueta
Sense etiquetes, Sigues el primer a etiquetar aquest registre!
|
MARC
| LEADER | 00000nam a2200000 a 4500 | ||
|---|---|---|---|
| 001 | UCP8467 | ||
| 003 | CL-VaPUC | ||
| 008 | 000303e19980000SP |||||||||||||||||spa|d | ||
| 082 | 0 | 4 | |a 153.15 |b ALE |2 21 |
| 100 | 0 | |a Alemany Briz, Carlos |e author |9 438438 | |
| 245 | 1 | 0 | |a 14 aprendizajes vitales |
| 250 | |a 4a. ed | ||
| 300 | |a 304 p | ||
| 942 | |c BK | ||
| 945 | |d 20000303 00:00:00 |a rbrito | ||
| 260 | |a Bilbao |b Desclée de Brouwer |c 1998 | ||
| 650 | 0 | |a Aprendizaje |9 254827 | |
| 650 | 0 | |a Psicología del aprendizaje |9 306854 | |
| 650 | 0 | |a Creatividad |9 310816 | |
| 583 | |a last modification |c 20190720 09:11:54 |k Rodrigo Vera | ||
| 999 | |c 285363 |d 285361 | ||
| 952 | |0 0 |1 0 |4 0 |6 153_150000000000000_ALE_1998 |7 0 |8 A |9 329912 |a BIBEDU |b BIBEDU |d 2019-11-20 |i 3595897 |o 153.15 ALE 1998 |p 3595897 |r 2019-11-20 |w 2019-11-20 |y BK |k EPE | ||